000 00331nam a2200133Ia 4500
008 240624s9999 xx 000 0 und d
041 _aeng
082 _a658.314 BON
100 _aDE BONO EDWARD
245 _aTEACH YOURSELF TO THINK
260 _c1995
_aLondon
_bPenguin Books
300 _a254 : p. : cm. ; 22
365 _cBPS
_b25
999 _c12903
_d12903